• 首页
  • 本馆介绍
  • 公告通知
  • 最新文献
  • 馆藏检索
  • 电子资源
  • 读者导购
  • 参考咨询
  • 我的图书馆
  • 登录
  • 详细信息显示
  • 放入我的书架
  • 预约/预借图书
  • 作者相关作品
  • 分类相关作品
  • 丛书相关作品
  • 出版社相关作品

书目信息

  • 表格格式
  • 工作单格式
  • 卡片格式
题名:
观果植物盆栽
    
 
作者: 肖建忠 主编
分册:  
出版信息: 北京   中国农业出版社  2003
页数: 259页
开本: 20cm
丛书名:
单 册:
中图分类: S686
科图分类:
主题词: 盆栽--观果植物--观赏园艺
电子资源:
ISBN: 7-109-08096-X
000 00862nam0 2200229 45
001 010000000912
005 20051114101046.00
010    @a7-109-08096-X@dCNY19.80
092    @aCN
100    @a20031121d2003 ekmy0chiy0120 ea
101    @achi
102    @aCN@b110000
105    @aafk z 000yy
200 1  @a观果植物盆栽@Aguan guo zhi wu pen zai@f肖建忠主编@FXiao Jian Zhong Zhu Bian
210    @a北京@c中国农业出版社@d2003
215    @a259页@c图@d20cm
330    @a本书上篇介绍了观果植物盆栽技艺,包括观果植物苗木来源、营养土的配制、上盆和倒盆技术、施肥技术、浇水技术、造型技艺、病虫害防治、越冬防寒技术及展览与陈设;下篇介绍了盆栽观果植物种类,包括盆栽果树类、盆栽观果蔬菜类、观果园林植物类及野生观果植物类。
606 0  @a盆栽@x观果植物@x观赏园艺
690    @aS686@v4
701  0 @a肖建忠@4主编
801  0 @aCN@bCXYBOOK@c20051114
905    @a10447@dS686@e86
    
    观果植物盆栽/肖建忠主编.-北京:中国农业出版社,2003
    259页:图;20cm
    
    
    ISBN 7-109-08096-X:CNY19.80
    本书上篇介绍了观果植物盆栽技艺,包括观果植物苗木来源、营养土的配制、上盆和倒盆技术、施肥技术、浇水技术、造型技艺、病虫害防治、越冬防寒技术及展览与陈设;下篇介绍了盆栽观果植物种类,包括盆栽果树类、盆栽观果蔬菜类、观果园林植物类及野生观果植物类。
●
相关链接 在E读中查询图书 在五车中查询图书 在当当中查询图书 在豆瓣中查询图书


正题名:观果植物盆栽     索取号:S686/86         预约/预借

序号 登录号 条形码 馆藏地/架位号 状态 备注
1 0352843   3528436   第二样本阅览室/ [索取号:S686/86] 在馆    
2 0352844   3528445   第三借阅区/ [索取号:S686/86] 在馆    
3 0352845   3528454   第三借阅区/ [索取号:S686/86] 在馆    
4 0352846   3528463   第三借阅区/ [索取号:S686/86] 在馆    
5 0353723   3537239   第三借阅区/ [索取号:S686/86] 在馆    
6 0367054   203670544   第三借阅区/ [索取号:S686/86] 在馆    
7 0367055   203670553   第三借阅区/ [索取号:S686/86] 在馆    
8 0367056   203670562   第三借阅区/ [索取号:S686/86] 在馆    
9 0367057   203670571   第三借阅区/ [索取号:S686/86] 在馆    
10 0367058   203670580   第三借阅区/ [索取号:S686/86] 在馆    
唐山师范学院图书馆 欢迎您!
大连网信软件有限公司© 版权所有